000 00531nam a2200181Ia 4500
008 090124s9999 xx 000 0 und d
082 _b9249
_a489
100 _aदेशपांडे म.श्री.
245 _a अभंग-संदेश
250 _a1
260 _c1957
300 _a118
600 _aदेशपांडे म.श्री.
630 _a अभंग-संदेश
700 _aदेशपांडे म.श्री.
730 _a अभंग-संदेश
942 _cBOOK
999 _c123296
_d123296